000 00343 a2200157 4500
001 46474
020 _a9788588159990
040 _cAnchieta - Aquarius
100 _aAtzingen, Maria Cristina Von
240 1 0 _aA menina feia
_lpor
245 1 0 _aA menina feia
300 _a
362 0 _a2008
650 4 _aLiteratura infantil
942 _cBK
999 _c46474
_d46474